[Event "III Open A"]
[Site "Omegna ITA"]
[Date "2015.08.09"]
[Round "5"]
[White "Leuthold, Cyrill"]
[Black "Erdelyi, Tamas"]
[Result "0-1"]
[WhiteElo "1810"]
[BlackElo "2088"]
[PlyCount "76"]
[EventDate "2015.08.07"]

1. c4 b6 2. Nf3 Bb7 3. Nc3 c5 4. g3 Bxf3 5. exf3 Nc6 6. Bg2 g6 7. O-O Bg7 8. f4
Rc8 9. a3 Nh6 10. b4 Nf5 11. Rb1 O-O 12. bxc5 bxc5 13. Qa4 Nfd4 14. Ne4 Qa5 15.
Qxa5 Nxa5 16. d3 d6 17. Be3 Rb8 18. Bxd4 Bxd4 19. Rb5 Rxb5 20. cxb5 Rb8 21. a4
d5 22. Nd2 e6 23. Nf3 Bf6 24. Nd2 Bc3 25. Nf3 c4 26. Rc1 Bb2 27. Rc2 c3 28. Nd4
Rc8 29. Bf3 Kf8 30. Kf1 Ke7 31. Bd1 Kd6 32. Ke2 f6 33. Ke3 e5 34. fxe5+ fxe5
35. Ne2 d4+ 36. Ke4 Nb3 37. Ng1 Nc5+ 38. Kf3 Nxd3 0-1

[Event "III Open A"]
[Site "Omegna ITA"]
[Date "2015.08.09"]
[Round "5"]
[White "Campini, Marco"]
[Black "Bini, Massimo"]
[Result "1-0"]
[WhiteElo "2055"]
[BlackElo "2000"]
[PlyCount "83"]
[EventDate "2015.08.07"]

1. e4 e5 2. Nc3 Nf6 3. f4 d5 4. fxe5 Nxe4 5. d3 Nxc3 6. bxc3 d4 7. Nf3 c5 8.
Be2 Nc6 9. c4 Be7 10. O-O O-O 11. Bf4 Be6 12. Qe1 f6 13. exf6 Bxf6 14. Qg3 Re8
15. Bc7 Qd7 16. Rf2 Ne7 17. Qd6 Nf5 18. Qxd7 Bxd7 19. g4 Nh4 20. Ne1 Bg5 21.
Bg3 Bc6 22. Bf1 Rf8 23. Re2 Be3+ 24. Rxe3 dxe3 25. Bxh4 Rae8 26. Be2 Ba4 27.
Rc1 h6 28. Bg3 Bc6 29. Ng2 g5 30. Re1 Rf7 31. c3 b6 32. d4 cxd4 33. cxd4 a5 34.
d5 Bb7 35. Rd1 a4 36. c5 Rd8 37. d6 Rc8 38. Nxe3 Kf8 39. cxb6 Rd7 40. Nf5 Rc2
41. Nxh6 Rxa2 42. Bd3 1-0

[Event "C.to Italiano Semifinale"]
[Site "Porto San Giorgio ITA"]
[Date "2015.07.11"]
[Round "1"]
[White "Bellia, Fabrizio"]
[Black "Motola, Jacopo"]
[WhiteElo "2461"]
[BlackElo "2164"]
[Result "1-0"]
[PlyCount "79"]
[EventDate "2015.07.11"]

1. e4 c6 2. d4 d5 3. Nc3 dxe4 4. Nxe4 Nd7 5. Nf3 Ngf6 6. Nc3 e6 7. g3 Bd6 8.
Bg2 O-O 9. O-O b6 10. Re1 Qc7 11. Ne5 Nxe5 12. dxe5 Bxe5 13. Nb5 Qd7 14. Qxd7
Bxd7 15. Rxe5 cxb5 16. Bxa8 Rxa8 17. b3 Rc8 18. Re2 Nd5 19. Bb2 b4 20. a3 a5
21. axb4 axb4 22. f4 g6 23. Ra7 Bb5 24. Re1 Kf8 25. Rc1 h5 26. h4 Ke8 27. Kf2
Kf8 28. Ke1 Ke8 29. Be5 Ne3 30. c4 bxc3 31. Rxc3 Rxc3 32. Bxc3 Nd5 33. Bd4 Bd3
34. Kd2 Bf1 35. Ra1 Bb5 36. Ra8+ Kd7 37. Rb8 Kc7 38. Rf8 f5 39. Rg8 Ne7 40. Rg7
1-0

[Event "C.to Italiano Semifinale"]
[Site "Porto San Giorgio ITA"]
[Date "2015.07.11"]
[Round "1"]
[White "Borgiani, Flavio"]
[Black "Rombaldoni, Denis"]
[WhiteElo "2183"]
[BlackElo "2478"]
[Result "1/2-1/2"]
[PlyCount "81"]
[EventDate "2015.07.11"]

1. d4 Nf6 2. Nf3 b5 3. e3 a6 4. a4 b4 5. c4 e6 6. Nbd2 Bb7 7. Bd3 d6 8. O-O
Nbd7 9. Qc2 Be7 10. b3 c5 11. Bb2 Qc7 12. Rfe1 h5 13. e4 cxd4 14. Nxd4 h4 15.
Bf1 Nh5 16. Rad1 Bf6 17. N2f3 g5 18. Nxe6 fxe6 19. Bxf6 Ndxf6 20. Nxg5 e5 21.
c5 Qxc5 22. Bc4 Nf4 23. Nf7 Ke7 24. Nxd6 Rhg8 25. Nf5+ Kf8 26. g3 Nxe4 27. Rxe4
Nh3+ 28. Kg2 Nxf2 29. Nd6 h3+ 30. Kf1 Nxe4 31. Nxe4 Qe3 32. Nf2 Bg2+ 33. Kg1 e4
34. Bxg8 Kxg8 35. Qc4+ Kh8 36. Qxb4 Rc8 37. Qd6 Rc1 38. Qd8+ Kh7 39. Qd7+ Kh8
40. Qd8+ Kh7 41. Qe7+ 1/2-1/2

[Event "C.to Italiano Semifinale"]
[Site "Porto San Giorgio ITA"]
[Date "2015.07.11"]
[Round "1"]
[White "Borgo, Giulio"]
[Black "Gennari, Jacopo"]
[WhiteElo "2351"]
[BlackElo "2108"]
[Result "1-0"]
[PlyCount "113"]
[EventDate "2015.07.11"]

1. Nf3 Nf6 2. g3 d6 3. d4 g6 4. b3 Bg7 5. Bb2 b6 6. Bg2 Bb7 7. c4 O-O 8. O-O
Nbd7 9. Re1 Re8 10. Nbd2 e5 11. dxe5 dxe5 12. Nxe5 Bxg2 13. Nxd7 Qxd7 14. Bxf6
Bxf6 15. Ne4 Qd4 16. Nxf6+ Qxf6 17. Kxg2 Qb2 18. e4 Rad8 19. Qf3 Rd2 20. Rad1
Qxa2 21. e5 Rxd1 22. Qxd1 Qa3 23. Re3 Qc5 24. Qd5 Qe7 25. Qc6 Rd8 26. h4 Kg7
27. h5 a5 28. e6 Rd6 29. h6+ Kxh6 30. exf7 Qxf7 31. Qe4 Rf6 32. Qh4+ Kg7 33.
Qd4 Kg8 34. Qd8+ Kg7 35. Re7 Rxf2+ 36. Kh3 Qxe7 37. Qxe7+ Rf7 38. Qe4 Kg8 39.
c5 Rf5 40. Qe6+ Kg7 41. Qe7+ Kg8 42. Qd8+ Rf8 43. Qd5+ Kg7 44. Qe5+ Kg8 45.
cxb6 cxb6 46. Qe6+ Kg7 47. Qxb6 Rf5 48. g4 Re5 49. Qc7+ Kf6 50. Qd6+ Re6 51.
Qd8+ Kg7 52. Qxa5 Re3+ 53. Kg2 Rxb3 54. Qe5+ Kh6 55. Qf4+ Kg7 56. Qd4+ Kh6 57.
g5+ 1-0

[Event "C.to Italiano Semifinale"]
[Site "Porto San Giorgio ITA"]
[Date "2015.07.11"]
[Round "1"]
[White "Bove, Alessandro"]
[Black "Garofalo, Simone"]
[WhiteElo "2322"]
[BlackElo "2105"]
[Result "1-0"]
[PlyCount "99"]
[EventDate "2015.07.11"]

1. e4 e6 2. Qe2 Nc6 3. Nf3 e5 4. g3 Nf6 5. Bg2 Bc5 6. c3 d6 7. b4 Bb6 8. a4 a6
9. Na3 O-O 10. O-O h6 11. Nh4 Ne7 12. Nc4 Ba7 13. Kh1 Be6 14. d3 c6 15. a5 Qc7
16. f4 Rae8 17. fxe5 dxe5 18. Rxf6 gxf6 19. Bxh6 Kh7 20. Bxf8 Rxf8 21. Rf1 Kg7
22. Qf3 Ng8 23. Nf5+ Bxf5 24. Qxf5 Rd8 25. Qg4+ Kf8 26. Qe2 Qd7 27. Rf3 Ke7 28.
Qf1 Qg4 29. Bh3 Qg5 30. Bf5 Nh6 31. h4 Qg7 32. Qh3 Nxf5 33. Qxf5 Qg6 34. Kh2 c5
35. bxc5 Qxf5 36. exf5 Bxc5 37. g4 Kf8 38. Kg2 Rb8 39. Rf1 Rd8 40. Rd1 Ba7 41.
Kf3 Ke7 42. Rd2 Rd5 43. Ke4 Rb5 44. Rb2 Rxb2 45. Nxb2 Bf2 46. h5 Be1 47. Na4
Kf8 48. Ke3 Bg3 49. Nc5 Bf4+ 50. Ke4 1-0

[Event "C.to Italiano Semifinale"]
[Site "Porto San Giorgio ITA"]
[Date "2015.07.11"]
[Round "1"]
[White "Dobboletta, Alex"]
[Black "Vezzosi, Paolo"]
[WhiteElo "2107"]
[BlackElo "2349"]
[Result "0-1"]
[PlyCount "44"]
[EventDate "2015.07.11"]

1. Nf3 Nf6 2. g3 g6 3. Bg2 Bg7 4. c4 O-O 5. Nc3 c6 6. O-O d5 7. d4 dxc4 8. Ne5
Be6 9. e4 Nbd7 10. Qe2 Nxe5 11. dxe5 Ng4 12. f4 Qd4+ 13. Kh1 f5 14. h3 Nh6 15.
Be3 Qd7 16. Rad1 Qe8 17. Qf2 b6 18. Ne2 fxe4 19. Bxe4 Bxh3 20. Nd4 Ng4 21. Qf3
Rc8 22. Rfe1 Nxe5 0-1

[Event "C.to Italiano Semifinale"]
[Site "Porto San Giorgio ITA"]
[Date "2015.07.11"]
[Round "1"]
[White "Genocchio, Daniele"]
[Black "Podetti, Davide"]
[WhiteElo "2423"]
[BlackElo "2127"]
[Result "1-0"]
[PlyCount "53"]
[EventDate "2015.07.11"]

1. d4 Nf6 2. Bg5 e6 3. e4 d5 4. e5 h6 5. Be3 Nfd7 6. c3 c5 7. a3 Be7 8. Qg4 Kf8
9. Nd2 Nc6 10. Bd3 Qa5 11. Qd1 cxd4 12. cxd4 b5 13. Ne2 Nb6 14. b3 Bd7 15. O-O
g6 16. Nf3 Nc8 17. Qc1 Kg7 18. h4 h5 19. Bg5 Bxg5 20. Nxg5 Qd8 21. Qf4 Qe7 22.
Bxb5 Rb8 23. Bxc6 Bxc6 24. Rfc1 Bb5 25. Ng3 a5 26. Rc5 Na7 27. Qf6+ 1-0

[Event "C.to Italiano Semifinale"]
[Site "Porto San Giorgio ITA"]
[Date "2015.07.11"]
[Round "1"]
[White "Lantini, Marco"]
[Black "Sedina, Elena"]
[WhiteElo "2094"]
[BlackElo "2319"]
[Result "1/2-1/2"]
[PlyCount "84"]
[EventDate "2015.07.11"]

1. d4 d5 2. c4 c6 3. Nf3 Nf6 4. Qc2 dxc4 5. Qxc4 Bg4 6. Nbd2 Nbd7 7. g3 e6 8.
Bg2 Be7 9. O-O O-O 10. Ne5 Bh5 11. Nxd7 Nxd7 12. Nf3 Rc8 13. Bd2 e5 14. Be3 b5
15. Qc2 Bg6 16. Qc1 e4 17. Ne5 Nxe5 18. dxe5 Qd5 19. Bh3 Rcd8 20. Bxa7 c5 21.
Bb6 Ra8 22. Bc7 Qc6 23. Bd6 Bxd6 24. exd6 Qxd6 25. Qe3 Rfd8 26. Qb3 b4 27. Rfd1
Qe5 28. e3 Rd3 29. Qc2 Qd5 30. Rdc1 Rd2 31. Rd1 Rd3 32. Rdc1 c4 33. Bf1 Rc8 34.
Qa4 c3 35. bxc3 bxc3 36. Bxd3 exd3 37. Rxc3 Rd8 38. Qd4 Qa8 39. Ra3 Qc8 40. Rc3
Qa8 41. Ra3 Qc8 42. Rc3 Qa8 1/2-1/2

[Event "C.to Italiano Semifinale"]
[Site "Porto San Giorgio ITA"]
[Date "2015.07.11"]
[Round "1"]
[White "Marzaduri, Riccardo"]
[Black "Valsecchi, Alessio"]
[WhiteElo "2163"]
[BlackElo "2457"]
[Result "0-1"]
[PlyCount "62"]
[EventDate "2015.07.11"]

1. e4 d6 2. d4 Nf6 3. Nc3 e5 4. Nf3 Nbd7 5. Bc4 Be7 6. O-O O-O 7. a4 c6 8. h3
exd4 9. Qxd4 Qa5 10. Bd2 Ne5 11. Be2 Qc7 12. Ne1 Ng6 13. Nd3 Re8 14. Rfe1 b6
15. b4 Bb7 16. f4 c5 17. Qc4 Nxe4 18. Nxe4 d5 19. Qa2 dxe4 20. Ne5 Nxe5 21.
fxe5 cxb4 22. Bc4 Bc5+ 23. Kh1 Qxe5 24. Rf1 Re7 25. Bxf7+ Kh8 26. Bf4 Qc3 27.
Bg5 Re5 28. Bc1 e3 29. Bb2 Qd2 30. Rg1 Rg5 31. Rad1 Bxg2+ 0-1

[Event "C.to Italiano Semifinale"]
[Site "Porto San Giorgio ITA"]
[Date "2015.07.11"]
[Round "1"]
[White "Moroni, Luca"]
[Black "Cocconcelli, Lorenzo"]
[WhiteElo "1821"]
[BlackElo "2147"]
[Result "1-0"]
[PlyCount "105"]
[EventDate "2015.07.11"]

1. Nf3 Nf6 2. c4 c6 3. Nc3 d5 4. e3 g6 5. b3 Bg7 6. Bb2 Bf5 7. d4 O-O 8. Be2
Ne4 9. O-O Nxc3 10. Bxc3 Nd7 11. Bd3 Bxd3 12. Qxd3 Nf6 13. Rad1 Ne4 14. Bb2 Rc8
15. Qc2 Qc7 16. Ne1 f5 17. Nd3 Qd7 18. f3 Ng5 19. Nc5 Qc7 20. h4 b6 21. hxg5
bxc5 22. dxc5 Bxb2 23. Qxb2 dxc4 24. b4 Qg3 25. Qc3 Qxg5 26. Qxc4+ Kg7 27. f4
Qf6 28. Rd7 Rfd8 29. Rfd1 Rxd7 30. Rxd7 Qh4 31. Qc3+ Kg8 32. Qd2 Qf6 33. Rxa7
Kf7 34. a4 Qh4 35. Rd7 Ke8 36. Rd3 Rb8 37. Qc3 Kf7 38. Rd1 Qg4 39. Rd2 Qh4 40.
Rd4 Qg3 41. Qd2 h5 42. Qa2+ Kf8 43. Qf2 Qg4 44. Kh2 Kf7 45. e4 fxe4 46. Rxe4
Qf5 47. Qe2 Qf6 48. b5 Rb7 49. b6 Rd7 50. a5 Qf5 51. Qc4+ e6 52. a6 Qf6 53.
Qxe6+ 1-0

[Event "C.to Italiano Semifinale"]
[Site "Porto San Giorgio ITA"]
[Date "2015.07.11"]
[Round "1"]
[White "Ortega, Lexy"]
[Black "Viviani, Alessio"]
[WhiteElo "2481"]
[BlackElo "2186"]
[Result "1/2-1/2"]
[PlyCount "86"]
[EventDate "2015.07.11"]

1. d4 Nf6 2. Nf3 g6 3. Nc3 d5 4. Bf4 Bg7 5. e3 O-O 6. Be2 c5 7. Ne5 cxd4 8.
exd4 Nc6 9. O-O Qb6 10. Nxc6 Qxc6 11. a4 Bf5 12. a5 Rfd8 13. a6 Ne4 14. Ra3
bxa6 15. Bxa6 Qb6 16. Nb5 e5 17. Bxe5 Bxe5 18. dxe5 Nc5 19. Qd4 Nxa6 20. Qxb6
axb6 21. Rfa1 Bd7 22. Nc3 Bc8 23. Nb5 Bb7 24. Nd6 Nc5 25. b4 Rxa3 26. Rxa3 Rxd6
27. exd6 Nd7 28. f4 h5 29. Kf2 Kg7 30. Rd3 Nf6 31. Ra3 Nd7 32. Re3 Nf6 33. Re7
Bc8 34. Ke3 Be6 35. Kd4 Nd7 36. c3 Kf6 37. Re8 Kf5 38. Ke3 g5 39. fxg5 Kxg5 40.
Kd4 Kf4 41. Rg8 Nf6 42. Rb8 Nd7 43. Rg8 Kf5 1/2-1/2

[Event "C.to Italiano Semifinale"]
[Site "Porto San Giorgio ITA"]
[Date "2015.07.11"]
[Round "1"]
[White "Seresin, Francesco"]
[Black "Bruno, Fabio"]
[WhiteElo "2128"]
[BlackElo "2427"]
[Result "0-1"]
[PlyCount "54"]
[EventDate "2015.07.11"]

1. d4 Nf6 2. Bg5 e6 3. e4 h6 4. Bxf6 Qxf6 5. c3 d6 6. Bd3 Nd7 7. Ne2 b6 8. O-O
Bb7 9. Nd2 g6 10. f4 h5 11. f5 gxf5 12. exf5 Qg5 13. Nf4 e5 14. Qe2 O-O-O 15.
Nh3 Qg4 16. Qxg4 hxg4 17. Nf2 exd4 18. cxd4 Bh6 19. Nb3 Nf6 20. Rfe1 Rdg8 21.
g3 a5 22. Rad1 Re8 23. Bb5 Re3 24. Na1 Rf3 25. Nc2 Rxf5 26. Bc4 Bg5 27. Bxf7
Rxf2 0-1

[Event "C.to Italiano Semifinale"]
[Site "Porto San Giorgio ITA"]
[Date "2015.07.11"]
[Round "1"]
[White "Tazzioli, Luca"]
[Black "Gilevych, Artem"]
[WhiteElo "2116"]
[BlackElo "2407"]
[Result "0-1"]
[PlyCount "156"]
[EventDate "2015.07.11"]

1. e4 e6 2. d3 d5 3. Nd2 Nf6 4. Ngf3 c5 5. g3 Nc6 6. Bg2 Be7 7. O-O O-O 8. e5
Ne8 9. c3 f6 10. Re1 Nc7 11. Nb3 fxe5 12. Nxe5 Nxe5 13. Rxe5 Bd6 14. Bg5 Qe8
15. Re1 Qf7 16. Be3 b6 17. d4 cxd4 18. Nxd4 Ba6 19. a4 Kh8 20. a5 e5 21. Nf3 e4
22. Ng5 Qg6 23. h4 Bc5 24. Bf4 Rxf4 25. gxf4 h6 26. axb6 Qxb6 27. Nh3 Bc8 28.
b4 Bxh3 29. Bxh3 Bxf2+ 30. Kh1 Bxe1 31. Qxe1 Qf6 32. Qg3 Nb5 33. Rc1 Rf8 34.
Bd7 Nd6 35. Rg1 Rf7 36. Bh3 Qxf4 37. Be6 Qf3+ 38. Kh2 Qxg3+ 39. Rxg3 Rf2+ 40.
Kg1 Rd2 41. Rg6 Ne8 42. c4 dxc4 43. Bxc4 Nf6 44. Rg3 Rd4 45. Rc3 Nd5 46. Bxd5
Rxd5 47. Rc7 a5 48. bxa5 Rxa5 49. Rc4 Re5 50. Kf2 Kh7 51. Ke3 Kg6 52. Rc6+ Kh5
53. Rc7 Kg6 54. Rc6+ Kf5 55. Rc7 g6 56. Rh7 Kf6 57. Ra7 h5 58. Ra8 Re6 59. Rf8+
Ke5 60. Rf4 Kd5 61. Rf8 Ra6 62. Rd8+ Ke5 63. Re8+ Kf5 64. Rf8+ Kg4 65. Rf4+ Kg3
66. Rxe4 Rf6 67. Rd4 Rf3+ 68. Ke2 Rf4 69. Rd6 Rg4 70. Kf1 Kxh4 71. Rd3 Ra4 72.
Kg2 Ra2+ 73. Kf3 g5 74. Rd1 g4+ 75. Kf4 Rf2+ 76. Ke3 Rf7 77. Rh1+ Kg5 78. Rg1
h4 0-1

[Event "C.to Italiano Semifinale"]
[Site "Porto San Giorgio ITA"]
[Date "2015.07.12"]
[Round "2"]
[White "Andreoni, Giuseppe"]
[Black "Bove, Alessandro"]
[WhiteElo "2213"]
[BlackElo "2322"]
[Result "0-1"]
[PlyCount "92"]
[EventDate "2015.07.11"]

1. e4 Nf6 2. e5 Nd5 3. d4 d6 4. c4 Nb6 5. exd6 exd6 6. h3 Be7 7. Nf3 O-O 8. Be2
Bf6 9. O-O Nc6 10. Nc3 Bf5 11. Bf4 Re8 12. Rc1 a6 13. Re1 h6 14. Qd2 d5 15. c5
Nc8 16. Bd3 Rxe1+ 17. Rxe1 N8e7 18. Bf1 Ng6 19. Be3 Qd7 20. a3 Re8 21. b4 Nh4
22. Nxh4 Bxh4 23. Rd1 Bg6 24. b5 axb5 25. Nxb5 Nd8 26. a4 Ne6 27. Rc1 Ra8 28.
Qb4 Be7 29. Qb3 Bf6 30. Rd1 Bg5 31. Bxg5 hxg5 32. Nc3 c6 33. Be2 Qc7 34. Bf3
Re8 35. Qb4 Nf4 36. a5 Bc2 37. Ra1 Bd3 38. Qb6 Qe7 39. Kh2 Ba6 40. Qb2 Qf6 41.
Qd2 Nxh3 42. Bxd5 Qxf2 43. Qxf2 Nxf2 44. Bf3 g4 45. Kg3 gxf3 46. Kxf2 fxg2 0-1

[Event "C.to Italiano Semifinale"]
[Site "Porto San Giorgio ITA"]
[Date "2015.07.12"]
[Round "2"]
[White "Barp, Alberto"]
[Black "Borgo, Giulio"]
[WhiteElo "2222"]
[BlackElo "2351"]
[Result "1/2-1/2"]
[PlyCount "136"]
[EventDate "2015.07.11"]

1. d4 d5 2. c4 e6 3. Nf3 a6 4. Nc3 dxc4 5. a4 Nc6 6. e3 Na5 7. Nd2 c5 8. Nxc4
Nf6 9. Nxa5 Qxa5 10. Bd3 cxd4 11. exd4 Bd7 12. O-O Bc6 13. Qe2 Rd8 14. Be3 Be7
15. Rfd1 O-O 16. Bf4 Qh5 17. Qxh5 Nxh5 18. Be3 Nf6 19. Bc4 Rd7 20. Rac1 Rfd8
21. f3 Bb4 22. b3 Ba5 23. Rd3 e5 24. d5 Nxd5 25. Nxd5 Bxd5 26. Bxd5 Rxd5 27.
Rxd5 Rxd5 28. Rc8+ Rd8 29. Rc5 Bb6 30. Rxe5 f6 31. Re4 Rd1+ 32. Kf2 Rd2+ 33.
Kg3 Bxe3 34. Rxe3 Rb2 35. Rc3 h5 36. h4 Kh7 37. Rd3 Kg6 38. Kf4 b5 39. axb5
axb5 40. g3 b4 41. Re3 Kf7 42. g4 Kg6 43. Rd3 Rb1 44. Re3 Rh1 45. Kg3 Rg1+ 46.
Kf4 Rb1 47. Rd3 Kh6 48. Kg3 g6 49. Kf4 hxg4 50. fxg4 Rf1+ 51. Rf3 Rg1 52. Re3
Rf1+ 53. Rf3 Rh1 54. Kg3 Kg7 55. Rf4 Rg1+ 56. Kh2 Rd1 57. Rxb4 Rd3 58. Rb5 Kh6
59. b4 Rb3 60. Rb6 Kg7 61. Kg2 f5 62. gxf5 gxf5 63. b5 f4 64. h5 Kh7 65. h6
Rg3+ 66. Kf1 Rf3+ 67. Ke1 Re3+ 68. Kd2 Re5 1/2-1/2

[Event "C.to Italiano Semifinale"]
[Site "Porto San Giorgio ITA"]
[Date "2015.07.12"]
[Round "2"]
[White "Bruno, Fabio"]
[Black "Calavalle, Giulio"]
[WhiteElo "2427"]
[BlackElo "2276"]
[Result "1-0"]
[PlyCount "113"]
[EventDate "2015.07.11"]

1. d4 Nf6 2. c4 e6 3. Nf3 c5 4. e3 d5 5. Nc3 a6 6. a3 dxc4 7. Bxc4 Nc6 8. O-O
cxd4 9. exd4 Be7 10. Re1 O-O 11. Bg5 b5 12. Ba2 Bb7 13. Qd3 Nd5 14. Ne4 Nf6 15.
Bxf6 Bxf6 16. Rad1 Nb8 17. d5 exd5 18. Bxd5 Bxd5 19. Qxd5 Ra7 20. Qf5 Rd7 21.
Rxd7 Qxd7 22. Nxf6+ gxf6 23. Qxf6 Qc6 24. Qe7 Nd7 25. Ne5 Nxe5 26. Qxe5 Qg6 27.
h3 Qg7 28. Qe2 Qg5 29. b4 Rc8 30. Qe3 Qxe3 31. Rxe3 Kg7 32. g3 Kf6 33. Kg2 Rc4
34. g4 a5 35. Rf3+ Ke6 36. bxa5 Ra4 37. Rf5 Rxa5 38. Rh5 Rxa3 39. Rxh7 b4 40.
Rh6+ Kd5 41. Rb6 Kc4 42. h4 Ra5 43. h5 b3 44. h6 Ra8 45. Kg3 Kc3 46. g5 b2 47.
f4 Ra1 48. h7 Rh1 49. Rh6 Rg1+ 50. Kf2 Rf1+ 51. Kg2 Rg1+ 52. Kxg1 b1=Q+ 53. Kh2
Qc2+ 54. Kg3 Qd3+ 55. Kh4 Kd2 56. h8=Q Ke2 57. Rc6 1-0

[Event "C.to Italiano Semifinale"]
[Site "Porto San Giorgio ITA"]
[Date "2015.07.12"]
[Round "2"]
[White "Cocchi, Andrea"]
[Black "Moroni, Luca"]
[WhiteElo "2282"]
[BlackElo "1821"]
[Result "0-1"]
[PlyCount "182"]
[EventDate "2015.07.11"]

1. e4 e6 2. d4 d5 3. Nc3 Nc6 4. Nf3 Nf6 5. exd5 exd5 6. Bd3 Bg4 7. Be3 Bb4 8.
h3 Bh5 9. g4 Bg6 10. O-O Ne4 11. Ne2 h5 12. Nf4 hxg4 13. Nxg6 fxg6 14. Bxe4
dxe4 15. Ng5 gxh3 16. Qg4 Qd5 17. Ne6 Bd6 18. c4 Qxc4 19. Qxg6+ Kd7 20. Qf7+
Kc8 21. Rac1 Qd5 22. Rc5 Qxa2 23. d5 Qa6 24. Re1 h2+ 25. Kh1 Nd8 26. Rxc7+ Kb8
27. Qxg7 Re8 28. Qd7 Nxe6 29. Qxe8+ Kxc7 30. Qxa8 Nc5 31. Qe8 Qd3 32. b4 Nb3
33. Qf7+ Kc8 34. Qe8+ Kc7 35. Qf7+ Kc8 36. Qf5+ Kc7 37. Bc5 Nxc5 38. bxc5 Bxc5
39. Qf4+ Kb6 40. Qf6+ Kb5 41. Qb2+ Bb4 42. Kxh2 Qxd5 43. Re3 a5 44. Qb1 Kc6 45.
Rxe4 Bd6+ 46. Kg1 b5 47. Re1 a4 48. Rd1 Qe5 49. Qc2+ Kb6 50. Qg6 Kc6 51. Rc1+
Kb6 52. Rd1 Kc7 53. Qf7+ Kc6 54. Qf3+ Kb6 55. Rd5 Qf4 56. Qd3 Bc5 57. Rf5 Qd4
58. Qf3 a3 59. Rf6+ Bd6 60. Rf7 Bc5 61. Qb7+ Ka5 62. Qa8+ Kb4 63. Rf3 Qb2 64.
Qe4+ Bd4 65. Qe7+ Ka4 66. Qd6 a2 67. Qa6+ Kb4 68. Qd6+ Kc4 69. Qe6+ Kc5 70.
Qe7+ Kc4 71. Qe6+ Kb4 72. Qd6+ Bc5 73. Rf4+ Kb3 74. Qd3+ Qc3 75. Qxb5+ Bb4 76.
Qd5+ Kb2 77. Rxb4+ Qxb4 78. Qe5+ Qc3 79. Qe2+ Kb1 80. Qb5+ Kc1 81. Qg5+ Kc2 82.
Qf5+ Kb3 83. Qe6+ Qc4 84. Qe3+ Kc2 85. Qe5 Qc3 86. Qe2+ Kb1 87. Qb5+ Kc1 88.
Qg5+ Kd1 89. Qd5+ Qd2 90. Qb3+ Ke1 91. Qe6+ Qe2 0-1

[Event "C.to Italiano Semifinale"]
[Site "Porto San Giorgio ITA"]
[Date "2015.07.12"]
[Round "2"]
[White "Contin, Daniel"]
[Black "Bellia, Fabrizio"]
[WhiteElo "2296"]
[BlackElo "2461"]
[Result "1-0"]
[PlyCount "171"]
[EventDate "2015.07.11"]

1. Nf3 d5 2. c4 e6 3. b3 Nf6 4. g3 c5 5. Bg2 Nc6 6. O-O d4 7. e3 Bd6 8. exd4
cxd4 9. d3 O-O 10. a3 a5 11. Nbd2 h6 12. Re1 Re8 13. Qc2 e5 14. c5 Bc7 15. Nc4
Bf5 16. Bd2 e4 17. dxe4 Bxe4 18. Qd1 Qd5 19. Rc1 Rad8 20. b4 axb4 21. axb4 Na7
22. Na3 Nd7 23. Rxe4 Rxe4 24. Ne1 f5 25. Nd3 Nf6 26. b5 Bb8 27. Qa4 Rc8 28. Bf4
Bxf4 29. Nxf4 Rxc5 30. Ra1 Qd6 31. Qxa7 Re7 32. Rd1 Rc3 33. Nb1 Qc5 34. Qa8+
Re8 35. Qa2+ Kh7 36. Nxc3 dxc3 37. Qb3 Ng4 38. Nd3 Qd4 39. h3 Nf6 40. Nf4 Qc5
41. Nd5 Nxd5 42. Qxd5 Re5 43. Qxc5 Rxc5 44. Bf1 Kg6 45. Bd3 Kf6 46. f4 c2 47.
Rc1 Rc3 48. Bf1 Rxg3+ 49. Kf2 Rc3 50. Ke1 Ke6 51. Kd2 Rf3 52. Bd3 Rxf4 53. Rxc2
Kd6 54. Ke3 Rb4 55. Rf2 g6 56. Rf4 Rb2 57. Kd4 Rb4+ 58. Bc4 Rb1 59. h4 Rh1 60.
Be2 Rh2 61. Ke3 Ke5 62. Rc4 Kd6 63. Rd4+ Kc7 64. Rf4 h5 65. Bf3 Kb6 66. Be2 Kc5
67. Ra4 Rh3+ 68. Kf2 Rh2+ 69. Kf3 Rh3+ 70. Kg2 Re3 71. Kf2 Rh3 72. Rc4+ Kb6 73.
Bf3 g5 74. hxg5 h4 75. Rf4 Kxb5 76. Rxf5+ Kc4 77. Bxb7 Rg3 78. Bf3 Kd4 79. Ra5
Kd3 80. Bh5 Ke4 81. g6 Kf4 82. Rb5 Ke4 83. Rb4+ Kf5 84. Rxh4 Rg5 85. Kf3 Kf6
86. Rg4 1-0

[Event "C.to Italiano Semifinale"]
[Site "Porto San Giorgio ITA"]
[Date "2015.07.12"]
[Round "2"]
[White "Dappiano, Andrea"]
[Black "Ortega, Lexy"]
[WhiteElo "2204"]
[BlackElo "2481"]
[Result "0-1"]
[PlyCount "58"]
[EventDate "2015.07.11"]

1. e4 c5 2. Nc3 e6 3. g3 d5 4. exd5 exd5 5. d4 cxd4 6. Qxd4 Nf6 7. Bg5 Be7 8.
Bxf6 Bxf6 9. Qc5 Nd7 10. Qe3+ Kf8 11. Nge2 Nb6 12. O-O-O Bg4 13. f3 Bd7 14.
Qc5+ Kg8 15. Nd4 Rc8 16. Qa5 Qc7 17. Bb5 Qc5 18. Na4 Nxa4 19. Qxa4 Bxb5 20.
Nxb5 a6 21. Nc3 Bxc3 22. bxc3 Qe3+ 23. Kb1 Qxf3 24. Rhf1 Qxc3 25. Rxd5 h5 26.
Qe4 Rh6 27. Rf3 Rb6+ 28. Kc1 Qa1+ 29. Kd2 Re6 0-1

[Event "C.to Italiano Semifinale"]
[Site "Porto San Giorgio ITA"]
[Date "2015.07.12"]
[Round "2"]
[White "Gilevych, Artem"]
[Black "Luciani, Valerio"]
[WhiteElo "2407"]
[BlackElo "2214"]
[Result "1/2-1/2"]
[PlyCount "46"]
[EventDate "2015.07.11"]

1. d4 Nf6 2. c4 e6 3. Nc3 Bb4 4. e3 c5 5. Nf3 O-O 6. Bd3 Nc6 7. O-O d6 8. Qc2
Qe7 9. Ne4 Nxe4 10. Bxe4 f5 11. Bxc6 bxc6 12. a3 Ba5 13. dxc5 dxc5 14. e4 e5
15. Bg5 Qe8 16. Be3 Bb6 17. b4 f4 18. Bxc5 Bxc5 19. bxc5 Bg4 20. Qc3 Bxf3 21.
gxf3 Qe7 22. Kh1 a5 23. Rg1 Qd8 1/2-1/2

[Event "C.to Italiano Semifinale"]
[Site "Porto San Giorgio ITA"]
[Date "2015.07.12"]
[Round "2"]
[White "Pescatore, Lorenzo"]
[Black "Genocchio, Daniele"]
[WhiteElo "2267"]
[BlackElo "2423"]
[Result "1/2-1/2"]
[PlyCount "31"]
[EventDate "2015.07.11"]

1. e4 e6 2. d4 d5 3. Nc3 Bb4 4. e5 Ne7 5. Bd2 b6 6. Nb1 Bxd2+ 7. Qxd2 c5 8. c3
Ba6 9. Bd3 O-O 10. Nf3 Bxd3 11. Qxd3 Nbc6 12. O-O Ng6 13. Nbd2 Rc8 14. a3 Rc7
15. g3 Qe7 16. h4 1/2-1/2

[Event "C.to Italiano Semifinale"]
[Site "Porto San Giorgio ITA"]
[Date "2015.07.12"]
[Round "2"]
[White "Pipitone, Antonio"]
[Black "Corvi, Marco"]
[WhiteElo "1890"]
[BlackElo "2300"]
[Result "0-1"]
[PlyCount "88"]
[EventDate "2015.07.11"]

1. e4 Nf6 2. e5 Nd5 3. d4 d6 4. Nf3 dxe5 5. dxe5 Bg4 6. Be2 Nc6 7. O-O e6 8. c4
Nb6 9. Nbd2 Bb4 10. a3 Bxd2 11. Nxd2 Bxe2 12. Qxe2 Qd4 13. Re1 Rd8 14. Qe4 Nxc4
15. Qxd4 Rxd4 16. Nxc4 Rxc4 17. Bd2 Ke7 18. Bc3 Rd8 19. Rac1 Ke8 20. Kf1 Rd5
21. b3 Rcc5 22. f4 Rd3 23. Bb4 Rxc1 24. Rxc1 Rxb3 25. Bc5 Rb2 26. h3 Rd2 27.
Rc4 Kd7 28. Be3 Rd3 29. Bc1 b5 30. Rc5 Nd4 31. Kf2 Nb3 32. Rc2 Nxc1 33. Rxc1
Rxa3 34. g4 a5 35. h4 a4 36. h5 b4 37. f5 b3 38. Rd1+ Ke7 39. h6 gxh6 40. f6+
Ke8 41. Rb1 Ra2+ 42. Kf3 Rc2 43. Ke3 Rc4 44. Kf3 Rb4 0-1

[Event "C.to Italiano Semifinale"]
[Site "Porto San Giorgio ITA"]
[Date "2015.07.12"]
[Round "2"]
[White "Rombaldoni, Denis"]
[Black "Lantini, Marco"]
[WhiteElo "2478"]
[BlackElo "2094"]
[Result "1-0"]
[PlyCount "71"]
[EventDate "2015.07.11"]

1. Nf3 d5 2. c4 e6 3. b3 Nf6 4. Bb2 Be7 5. g3 O-O 6. Bg2 c5 7. O-O Nc6 8. e3 b6
9. Qe2 Ba6 10. d3 Qc7 11. Nc3 Rad8 12. Rfd1 Qb8 13. Rac1 Bb7 14. cxd5 Nxd5 15.
Nxd5 Rxd5 16. d4 Rdd8 17. dxc5 Bxc5 18. Ng5 Rxd1+ 19. Rxd1 Be7 20. Nxh7 Kxh7
21. Bxc6 Bxc6 22. Qc2+ Kg8 23. Qxc6 Rd8 24. Rc1 Rd5 25. Bd4 Bf8 26. a4 Qd8 27.
Qc7 Qg5 28. h4 Qh6 29. Qf4 Qg6 30. Qb8 Qh6 31. Rc8 g5 32. h5 g4 33. Be5 Rc5 34.
Rxc5 bxc5 35. Bd6 Qg7 36. Bxc5 1-0

[Event "C.to Italiano Semifinale"]
[Site "Porto San Giorgio ITA"]
[Date "2015.07.12"]
[Round "2"]
[White "Valsecchi, Alessio"]
[Black "Zamengo, Fulvio"]
[WhiteElo "2457"]
[BlackElo "2288"]
[Result "1-0"]
[PlyCount "49"]
[EventDate "2015.07.11"]

1. e4 e6 2. d4 d5 3. Nc3 Nf6 4. e5 Nfd7 5. f4 c5 6. Nf3 Nc6 7. Be3 Rb8 8. Qd2
a6 9. Be2 b5 10. Nd1 f5 11. O-O Be7 12. Kh1 O-O 13. Rg1 cxd4 14. Nxd4 Nxd4 15.
Bxd4 Nc5 16. Qe3 Ne4 17. g4 Qc7 18. Bd3 Kh8 19. Nf2 Bb7 20. gxf5 Rxf5 21. Rg2
g5 22. Nh3 gxf4 23. Nxf4 Qd7 24. Ng6+ Kg7 25. Nxe7+ 1-0